Nghệ thuật lãnh đạo và phát triển doanh nghiệp : Dành cho nhà quản lý hiện đại
Saved in:
| Main Author: | |
|---|---|
| Format: | Book |
| Language: | Undetermined |
| Published: |
Hà Nội
Lao động - Xã hội
2006
|
| Subjects: | |
| Tags: |
Add Tag
No Tags, Be the first to tag this record!
|
| Institutions: | Trung tâm Học liệu Trường Đại học Cần Thơ |
|---|
| LEADER | 00635nam a2200193Ia 4500 | ||
|---|---|---|---|
| 001 | CTU_103561 | ||
| 008 | 210402s9999 xx 000 0 und d | ||
| 082 | |a 658.409 | ||
| 082 | |b Tr300 | ||
| 100 | |a Nguyễn, Đức Trí | ||
| 245 | 0 | |a Nghệ thuật lãnh đạo và phát triển doanh nghiệp : | |
| 245 | 0 | |b Dành cho nhà quản lý hiện đại | |
| 245 | 0 | |c Nguyễn Đức Trí | |
| 260 | |a Hà Nội | ||
| 260 | |b Lao động - Xã hội | ||
| 260 | |c 2006 | ||
| 650 | |a Management,Executive succession | ||
| 904 | |i Hiếu | ||
| 980 | |a Trung tâm Học liệu Trường Đại học Cần Thơ | ||